000 00688nam a2200217Ii 4500
003 JO-AjNU
008 230605s9999||||xx |||||||||||||| ||und||
040 _aJO-AjNU
_bara
_erda
_cJO-AjNU
041 _aara
050 1 4 _aPJ7543.Y85 2001
100 3 _aاليوسف، يوسف,
_eauthor
_952941
245 0 0 _aمقالات في الشعر الجاهلي
250 _aط3
264 3 1 _aد.م: دار الحقائق، 2001
300 _a280ص
336 _atext
_btxt
_2rdacontent
337 _aunmediated
_bn
_2rdamedia
338 _avolume
_bnc
_2rdacarrier
490 0 _aسلسلة كتاب القرائة للجميع 6
650 4 _aالشعر الجاهلي - مقالات
_952942
999 _aA23481
_c27049
_d27049